The Routledge handbook of political campaigning

"The Routledge Handbook of Political Campaigning provides an essential, global and timely overview of current realities, as well as anticipating the trajectory and evolution of campaigning in the coming years. Offering a comprehensive analysis, the handbook is structured into seven thematic sec...

Бүрэн тодорхойлолт

-д хадгалсан:
Номзүйн дэлгэрэнгүй
Бусад зохиолчид: Lilleker, Darren G. (Засварлагч), Jackson Daniel (Засварлагч), Kalsnes, Bente (Засварлагч), Mellado, Claudia (Засварлагч), Trevisan, Filippo (Засварлагч), Veneti, Anastasia (Засварлагч)
Формат: Ном
Хэл сонгох:англи
Хэвлэсэн: Abingdon, Oxon, United Kingdom ; New York, NY, USA: Routledge, 2025.
Цуврал:Routledge international handbooks
Нөхцлүүд:
Шошгууд: Шошго нэмэх
Шошго байхгүй, Энэхүү баримтыг шошголох эхний хүн болох!

MARC

LEADER 00000cam a22000008i 4500
001 23787436
003 CL-VaPUC
005 20241120112410.0
008 240718s2025 enk b 001 0 eng
999 |c 445402  |d 445400 
010 |a  2024027289 
020 |a 9781032356716  |q (hardback) 
020 |a 9781032366968  |q (paperback) 
020 |z 9781003333326  |q (ebook) 
040 |a DLC  |b eng  |e rda  |c Pontificia Universidad Católica de Valparaíso  |d DLC 
042 |a pcc 
050 0 0 |a JF2112.C3  |b R68 2025 
082 0 0 |a 324.7 LIL 2025  |2 23/eng/20240823 
100 1 |a Lilleker, Darren G.  |e editor  |9 879784 
245 0 4 |a The Routledge handbook of political campaigning 
246 3 0 |a Handbook of political campaigning. 
260 |a Abingdon, Oxon, United Kingdom ;  |a New York, NY, USA:  |b Routledge,  |c 2025. 
300 |a xxv, 517 páginas.  
490 0 |a Routledge international handbooks 
504 |a Includes bibliographical references and index. 
505 0 |a Introduction : 21st century political campaigning / Darren Lilleker, Daniel Jackson, Bente Kalsnes, Claudia Mellado, Filippo Trevisan and Anastasia Veneti 1.Political parties, interest groups and power / Paweł Kamiński 2.Network media logic revisited : how social media have changed the logics of the campaign environment / Ulrike Klinger and Jakob Svensson. 3.Polarization in online spaces : distinguishing forms of polarized politics / Axel Bruns, Tariq dos Santos Choucair, Katharina Esau, Sebastian Svegaard, and Samantha Vilkins 4.European approach(es) to regulating targeted political advertising : money, data, and more / Ronan Fahy, Natali Helberger and Max van Drunen 5.Comparing political communication in election and routine times : are campaign periods different? / Željko Poljak and Peter Van Aelst 6.Populist rhetoric : concepts, uses and contexts / Linda Bos. 7.Populism, political campaigning and digital media : the state of the art and some avenues for future research / Diego Ceccobelli and Lorenzo Mosca 8.Digital campaigns of extremist violence through ressentiment : mapping the emotional mechanism of violent extremist manifestos / Tereza Capelos, Kaitlyn DaVisio and Mikko Salmela 9.Political microtargeting : what is all the fuzz about? / Arjen van Dalen 10.Political advertising / Christina Holtz-Bacha and Bengt Johansson 11.Political marketing as a campaign strategy / Rand Irshaidat 12.Immigrant identity and partisanship in U.S. political campaigns / Madhavi Reddi 13.From disinformation campaigns to influence operations : new campaign tactics and legacy media bypass in the Philippines / Jose Mari Hall Lanuza and Jonathan Corpus Ong. 14.Data-driven campaigning : using data, analytics, technology, and personnel for a new era of campaigning? / Kate Dommett and Simon Krushinski. 15.Digital meme culture between political campaigning and participatory propaganda : blurring the boundaries / Aaron Hyzen and Hilde Van den Bulck 16.The problems with social media affordances and digital political campaigning / Michael Bossetta. 17.The evolution of platform policy : governance by platforms during political events / Bente Kalsnes. 18.On the relationship between political campaigning and echo chambers / Daniel Stegmann, Melanie Magin and Birgit Stark. 19.Alternative media and political campaigning / Karoline Andrea Ihlebæk and Tine Ustad Figenschou. 20.Social platforms and the spread of disinformation / Rebekah Larsen and Valérie Bélair-Gagnon. 21.Political campaigning and media systems theory : different strokes / Mark Blach-Ørsten 22.Capture-driven bias in campaign coverage : concepts, conditions and contexts / Martin Echeverría and Mireya Márquez-Ramírez 23.Impartiality within political reporting and election coverage / Richard Thomas 24.Agenda setting, news, and campaigns / Natalia Aruguete 25.News consumption and knowledge acquisition in election campaigns / Atle Haugsgjerd and Rune Karlsen 26.Political mobilisation / Jörg Hassler, Márton Bene and Uta Russmann 27.Young people and participation in election campaigns / Shelley Boulianne and Anders Olof Larsson 28.Online political participation : a citizenship-oriented approach / Karolina Koc-Michalska and Darren G. Lilleker 29.Incivility and polarization : causes and consequences among politicians and the public / Patrícia Rossini 30.Press and politics in electoral campaigns : changes and continuities in an era of digital activism / Nicolás Rotelli and Adriana Amado 31.Digital activism and social movements : educommunication, innovation and participation in civil society media / Ángel Barbas and Emiliano Treré 32.Digital advocacy and algorithms : challenges and opportunities for civil society / Gabriella Scaramuzzino 33.Hashtag activism / Sharon Meraz 34.Athletes as activists and political influencers : leveraging the power of public platforms to promote issues, ideas, and political candidates / Danielle Coombs. 
520 |a "The Routledge Handbook of Political Campaigning provides an essential, global and timely overview of current realities, as well as anticipating the trajectory and evolution of campaigning in the coming years. Offering a comprehensive analysis, the handbook is structured into seven thematic sections, including: the campaign environment; rhetoric and persuasion; campaign strategies; campaign tactics and platform affordances; news and journalism; citizens and voters; and civil society. Chapters within each section reflects on the latest societal, technological, and cultural developments and their impact on campaigning, on democratic culture within societies, and the roles that campaigns might play in both facilitating or impeding political engagement. Key trends and innovations are examined alongside case studies and examples from a range of nations and political contexts. Issues around trust and representation are further reflected in a focus on the wider campaigning environment and the rise in importance of grassroots and pressure groups, social movements, and movements that coalesce within digital environments. The Routledge Handbook of Political Campaigning is an essential resource for scholars, students and practitioners in political communication, media and communication, elections and voting behaviour, digital media, journalism, social movements, strategic communication, social media and more broadly to democracy, sociology, and public policy"--  |c Provided by publisher. 
583 |c 20241112 
650 0 |a Gestión de campañas  |9 878921 
650 0 |a Campañas políticas   |9 537273 
650 0 |a Comunicación en política   |9 865552 
650 0 |a Redes sociales  |x Aspectos políticos   |9 878889 
700 |a Jackson Daniel   |e editor  |9 893568 
700 |a Kalsnes, Bente  |e editor  |9 893569 
700 |a Mellado, Claudia  |e editor  |9 893570 
700 |a Trevisan, Filippo  |e editor  |9 893571 
700 |a Veneti, Anastasia   |e editor   |9 893572 
776 0 8 |i Online version:  |t Routledge handbook of political campaigning  |d Abingdon, Oxon ; New York, NY : Routledge, 2025  |z 9781003333326  |w (DLC) 2024027290 
942 |2 ddc  |c BK 
952 |0 0  |1 0  |2 ddc  |4 0  |6 324_700000000000000_LIL_2025  |7 0  |8 A  |9 597923  |a BIBCUR  |b BIBCUR  |d 2024-11-12  |e 1  |g 351529.00  |i 5663129  |l 2  |o 324.7 LIL 2025  |p 5663129  |r 2025-04-22  |s 2025-03-07  |t 1  |v 351529.00  |w 2024-11-12  |y BK  |k PER